Безопасность России. Правовые, социально-экономические и научно-технические аспекты: Экологическая диагностика

Podrobná bibliografie
Další autoři: Клюев В. В. (редактор)
Jazyk:ruština
Vydáno: Москва, Знание, 2000
Témata:
Médium: Kniha
KOHA link:https://koha.lib.tpu.ru/cgi-bin/koha/opac-detail.pl?biblionumber=22446

MARC

LEADER 00000nam0a2200000 4500
001 22446
005 20231030194727.0
010 |a 5217029773 
035 |a (RuTPU)RU\TPU\book\22659 
035 |a BOOK00000422 
090 |a 22446 
100 |a 20011209d2000 k y0rusy50 ca 
101 0 |a rus 
102 |a RU 
105 |a a z 001zy 
200 1 |a Безопасность России. Правовые, социально-экономические и научно-технические аспекты  |e Экологическая диагностика  |f Под ред. В. В. Клюева 
210 |a Москва  |c Знание  |d 2000  |c Машиностроение 
215 |a 496 с.  |c ил. 
610 1 |a политика 
610 1 |a государство 
610 1 |a право 
610 1 |a безопасность 
610 1 |a экономика 
610 1 |a Россия 
610 1 |a экологическое право 
610 1 |a экология 
610 1 |a экологический мониторинг 
610 1 |a экодиагностика 
675 |a 504.06  |v 3 
686 |a Ф3(2)3  |v LBC/SL-A  |2 rubbk 
686 |a У9(2)0-98  |v LBC/SL-A  |2 rubbk 
686 |a Х625  |v LBC/SL-A  |2 rubbk 
702 1 |a Клюев  |b В. В.  |4 340 
801 0 |a RU  |b 63413507  |c 20011209  |g PSBO 
801 2 |a RU  |b 63413507  |c 20080905  |g PSBO 
942 |c BK